[Event "ch-CHN w 2015"]
[Site "Xinghua CHN"]
[Date "2015.05.22"]
[Round "5.2"]
[White "Lei, Tingjie"]
[Black "Tan, Zhongyi"]
[Result "1-0"]
[WhiteTitle "WGM"]
[BlackTitle "WGM"]
[WhiteElo "2449"]
[BlackElo "2475"]
[WhiteFideId "8605114"]
[BlackFideId "8603642"]
[EventDate "2015.05.18"]

1. d4 Nf6 2. c4 e6 3. g3 d5 4. Nf3 Be7 5. Bg2 O-O 6. O-O dxc4 7. Qc2 a6 8. a4
Bd7 9. Qxc4 Bc6 10. Bg5 h6 11. Bxf6 Bxf6 12. Nc3 Bxf3 13. Bxf3 c6 14. Qb3 Qc7
15. Rfd1 a5 16. Rac1 Ra6 17. h4 Qb6 18. Qc4 Qb4 19. Qd3 Rd8 20. Ne4 Be7 21. Rc4
Qb6 22. e3 Nd7 23. Qe2 Raa8 24. Rcc1 Qb4 25. Nc3 Qb3 26. Be4 Nf6 27. Bb1 g6 28.
e4 Qb4 29. d5 cxd5 30. exd5 exd5 31. Ba2 Bf8 32. Nxd5 Nxd5 33. Bxd5 Rd7 34. Rc4
Qb6 35. h5 g5 36. Rcd4 Bg7 37. R4d2 Kf8 38. Bc4 Bd4 39. Qf3 f6 40. Qf5 Rad8 41.
Be6 Bxf2+ 42. Kg2 Qc6+ 43. Rd5 1-0

[Event "ch-CHN w 2015"]
[Site "Xinghua CHN"]
[Date "2015.05.22"]
[Round "5.3"]
[White "Li, Xueyi"]
[Black "Guo, Qi"]
[Result "0-1"]
[BlackTitle "IM"]
[WhiteElo "2226"]
[BlackElo "2424"]
[WhiteFideId "8605912"]
[BlackFideId "8604002"]
[EventDate "2015.05.18"]

1. d4 e6 2. c4 d5 3. Nc3 Be7 4. Nf3 Nf6 5. cxd5 exd5 6. e3 O-O 7. Bd3 c5 8. O-O
Bg4 9. dxc5 Bxc5 10. b3 Nc6 11. Bb2 Qe7 12. Be2 Rad8 13. Nb5 Ne4 14. Nbd4 Rfe8
15. h3 Bxf3 16. Bxf3 Nxf2 17. Qc2 Nxh3+ 18. Kh1 Bxd4 19. exd4 Ng5 20. Qf2 Nxf3
21. Qxf3 f6 22. Qg3 Qe2 23. Rf2 Qh5+ 24. Kg1 Qg6 25. Qf3 Qe4 26. Rd1 Qxf3 27.
gxf3 Rc8 28. Ba3 Nd8 29. Bb4 Ne6 30. f4 Kf7 31. Kg2 g6 32. Kf3 Ng7 33. Rh2 h5 0-1

[Event "ch-CHN w 2015"]
[Site "Xinghua CHN"]
[Date "2015.05.22"]
[Round "5.4"]
[White "Ding, Yixin"]
[Black "Zhu, Ying"]
[Result "1-0"]
[WhiteTitle "WGM"]
[WhiteElo "2433"]
[BlackElo "2128"]
[WhiteFideId "8602972"]
[BlackFideId "8604770"]
[EventDate "2015.05.18"]

1. e4 e6 2. d4 d5 3. Nc3 dxe4 4. Nxe4 Nd7 5. Nf3 Be7 6. Bd3 Ngf6 7. Qe2 Nxe4 8.
Qxe4 Nf6 9. Qh4 b6 10. Ne5 Qd5 11. Bg5 Bb7 12. f3 Rd8 13. c3 b5 14. Be4 Nxe4 15.
Bxe7 g5 16. Bxg5 Nxg5 17. Qxg5 c5 18. Qf4 f5 19. Qh6 cxd4 20. cxd4 Rd6 21. Qh5+
Ke7 22. Qf7+ Kd8 23. Rc1 Bc6 24. Qg7 1-0

[Event "ch-CHN w 2015"]
[Site "Xinghua CHN"]
[Date "2015.05.22"]
[Round "5.6"]
[White "Xiao, Yiyi"]
[Black "Wang, Jue"]
[Result "0-1"]
[WhiteTitle "WFM"]
[BlackTitle "WGM"]
[WhiteElo "2253"]
[BlackElo "2369"]
[WhiteFideId "8606161"]
[BlackFideId "8604070"]
[EventDate "2015.05.18"]

1. d4 d6 2. Nf3 Nf6 3. g3 g6 4. Bg2 Bg7 5. O-O O-O 6. c4 Nc6 7. Nc3 a6 8. h3 Bd7
9. Be3 Rb8 10. Rc1 b5 11. Nd2 e6 12. cxb5 axb5 13. Nde4 Nxe4 14. Nxe4 Ne7 15.
Qb3 Nf5 16. Rfd1 h6 17. Rc2 g5 18. Rdc1 Bxd4 19. Rxc7 Nxe3 20. fxe3 Be5 21. Ra7
Rc8 22. Rd1 Bc6 23. Qb4 Qb6 24. Ra3 d5 25. Nf2 Bb7 26. Rb3 Bxg3 27. Ng4 f5 28.
Nh2 Rc2 29. Bf3 Qc7 30. Nf1 Bc6 31. Rc3 Rxc3 32. Qxc3 Be5 33. Qb4 Qd6 34. Qxd6
Bxd6 35. Rc1 Bd7 36. a3 Rc8 37. Rxc8+ Bxc8 38. Kf2 Be5 39. b3 Bd7 40. Nd2 Kf7
41. Bh5+ Ke7 42. Nb1 Kd6 43. Ke1 Bf6 44. Kd2 e5 45. Nc3 e4 0-1

[Event "ch-CHN w 2015"]
[Site "Xinghua CHN"]
[Date "2015.05.24"]
[Round "6.1"]
[White "Ni, Shiqun"]
[Black "Wang, Jue"]
[Result "1/2-1/2"]
[WhiteTitle "WIM"]
[BlackTitle "WGM"]
[WhiteElo "2393"]
[BlackElo "2369"]
[WhiteFideId "8608466"]
[BlackFideId "8604070"]
[EventDate "2015.05.18"]

1. e4 c5 2. Nf3 e6 3. d4 cxd4 4. Nxd4 Nc6 5. Nc3 a6 6. Be2 d6 7. O-O Nf6 8. Be3
Be7 9. f4 O-O 10. Kh1 Bd7 11. Qe1 b5 12. a3 Nxd4 13. Bxd4 Bc6 14. Qg3 g6 15. Bd3
a5 16. Rae1 Qd7 17. Nd1 b4 18. axb4 axb4 19. Ne3 Bb5 20. Rf3 Rac8 21. Qg5 Bxd3
22. cxd3 Nxe4 23. Qh6 Bf6 24. Bxf6 Nxf6 25. f5 Qe7 26. Qg5 Rce8 27. Ref1 Kg7 28.
Rh3 h5 29. Rg3 h4 30. Qxh4 Rh8 31. Qd4 e5 32. Qxb4 Rb8 33. fxg6 Qe6 34. Qa5 Nh5
35. Rg5 Nf4 36. gxf7+ Kh6 37. Rg3 Qxf7 38. Qa4 Rbg8 39. Ng4+ Kh5 40. Qd1 Kh4 41.
Qe1 Kh5 42. Qd1 Kh4 43. Qf3 Qd5 44. Rh3+ Kg5 45. Rxh8 Rxh8 46. Qg3 Rh3 47. Ne3+
Rxg3 48. Nxd5 Rxd3 49. Nxf4 exf4 50. Rb1 Rb3 51. Kg1 d5 52. Kf2 Kf5 53. Ke2 d4
54. Kd2 d3 55. h3 Kg5 56. Ke1 Kh4 57. Kf2 d2 58. Rd1 Rxb2 59. Kf3 Kg5 60. Ke2
Kh4 61. Kf3 Kg5 62. Ke2 Kh4 63. Kf3 Kg5 64. Ke4 1/2-1/2

[Event "ch-CHN w 2015"]
[Site "Xinghua CHN"]
[Date "2015.05.24"]
[Round "6.2"]
[White "Zhai, Mo"]
[Black "Xiao, Yiyi"]
[Result "0-1"]
[WhiteTitle "WIM"]
[BlackTitle "WFM"]
[WhiteElo "2330"]
[BlackElo "2253"]
[WhiteFideId "8600201"]
[BlackFideId "8606161"]
[EventDate "2015.05.18"]

1. Nf3 Nf6 2. c4 c5 3. Nc3 Nc6 4. e3 g6 5. d4 d6 6. Be2 Bg7 7. d5 Nb8 8. e4 O-O
9. O-O a6 10. Re1 Qb6 11. Bd2 e6 12. Rc1 Re8 13. dxe6 Bxe6 14. b3 Nc6 15. Bf4
Rad8 16. h3 Nd4 17. Bf1 Nd7 18. Bg5 Rc8 19. Be3 Nxf3+ 20. Qxf3 Qa5 21. Bf4 Ne5
22. Qg3 Rb8 23. Red1 Red8 24. Bg5 f6 25. Bd2 b5 26. f4 Nc6 27. Nxb5 Qb6 28. Nc3
Nd4 29. f5 gxf5 30. Nd5 Bxd5 31. exd5 Re8 32. Re1 Kh8 33. Bf4 Re5 34. Bxe5 fxe5
35. Kh1 Qa5 36. Bd3 Rg8 37. Qh4 Qxa2 38. Bb1 Qxb3 39. Rcd1 e4 40. Rc1 Qb2 41.
Bxe4 fxe4 42. Qxe4 Qf2 43. Rf1 Qe2 44. Qh4 Be5 45. Rf2 Qe3 46. Rb1 Ne2 47. Rf3
Ng3+ 48. Kh2 Qxf3 49. gxf3 Nf5+ 50. f4 Nxh4 51. fxe5 Nf3+ 0-1

[Event "ch-CHN w 2015"]
[Site "Xinghua CHN"]
[Date "2015.05.24"]
[Round "6.4"]
[White "Guo, Qi"]
[Black "Ding, Yixin"]
[Result "1/2-1/2"]
[WhiteTitle "IM"]
[BlackTitle "WGM"]
[WhiteElo "2424"]
[BlackElo "2433"]
[WhiteFideId "8604002"]
[BlackFideId "8602972"]
[EventDate "2015.05.18"]

1. d4 Nf6 2. Nf3 d5 3. c4 e6 4. Nc3 Be7 5. Bf4 O-O 6. e3 b6 7. Bd3 c5 8. cxd5
exd5 9. Ne5 Bb7 10. Qf3 Nc6 11. O-O cxd4 12. Nxc6 Bxc6 13. exd4 Qd7 14. h3 Rfe8
15. Rfe1 b5 16. a3 a5 17. Be5 b4 18. Ne2 Ne4 19. axb4 Bxb4 20. Nc3 f6 21. Bf4 a4
22. Nxe4 Bxe1 23. Nd6 Re7 24. Nf5 Re6 25. Ne3 Ba5 26. Bf5 Qf7 27. Rc1 Bb7 28.
Bxe6 Qxe6 29. Qg4 Qxg4 30. hxg4 Bb6 31. Rd1 Rc8 32. Bd6 g6 1/2-1/2

[Event "ch-CHN w 2015"]
[Site "Xinghua CHN"]
[Date "2015.05.24"]
[Round "6.5"]
[White "Tan, Zhongyi"]
[Black "Li, Xueyi"]
[Result "1-0"]
[WhiteTitle "WGM"]
[WhiteElo "2475"]
[BlackElo "2226"]
[WhiteFideId "8603642"]
[BlackFideId "8605912"]
[EventDate "2015.05.18"]

1. d4 d5 2. Nf3 Nf6 3. c4 e6 4. g3 Be7 5. Bg2 O-O 6. Qc2 dxc4 7. Qxc4 a6 8. Qb3
Nc6 9. e3 Qd5 10. Nbd2 Nb4 11. O-O c5 12. Nc4 b5 13. Nfd2 bxc4 14. Qd1 Qd8 15.
Bxa8 Nbd5 16. Nxc4 Bd7 17. Bxd5 exd5 18. Ne5 Bh3 19. Re1 Bd6 20. b3 Re8 21. Bb2
Re6 22. Rc1 Bxe5 23. dxe5 Ne4 24. f3 Nxg3 25. hxg3 Rg6 26. Kf2 h5 27. Rh1 1-0

[Event "ch-CHN w 2015"]
[Site "Xinghua CHN"]
[Date "2015.05.24"]
[Round "6.6"]
[White "Zhang, Xiaowen"]
[Black "Lei, Tingjie"]
[Result "1/2-1/2"]
[WhiteTitle "WGM"]
[BlackTitle "WGM"]
[WhiteElo "2353"]
[BlackElo "2449"]
[WhiteFideId "8603219"]
[BlackFideId "8605114"]
[EventDate "2015.05.18"]

1. e4 c5 2. Nf3 e6 3. d4 cxd4 4. Nxd4 Nc6 5. Nc3 Qc7 6. Be2 a6 7. O-O Nf6 8. Be3
Be7 9. f4 d6 10. Qe1 O-O 11. Qg3 Nxd4 12. Bxd4 b5 13. a3 Bb7 14. Kh1 Rad8 15.
Rae1 Rd7 16. Bd3 Re8 17. a4 b4 18. Na2 Qa5 19. Nc1 Qxa4 20. Qh3 g6 21. Nb3 Bd8
22. e5 Nh5 23. exd6 Rxd6 24. Nc5 Qc6 25. Be4 Qb6 26. Be5 Bxe4 27. Nxe4 Rd7 28.
g4 Ng7 29. Bf6 Qc6 30. Rf3 Kf8 31. Bxd8 Rexd8 32. Qxh7 Rd1 33. Qh8+ Ke7 34. Qh4+
Ke8 35. Qh8+ Ke7 36. Qh4+ Ke8 37. Qh8+ 1/2-1/2

[Event "ch-CHN w 2015"]
[Site "Xinghua CHN"]
[Date "2015.05.25"]
[Round "7.1"]
[White "Lei, Tingjie"]
[Black "Ni, Shiqun"]
[Result "1-0"]
[WhiteTitle "WGM"]
[BlackTitle "WIM"]
[WhiteElo "2449"]
[BlackElo "2393"]
[WhiteFideId "8605114"]
[BlackFideId "8608466"]
[EventDate "2015.05.18"]

1. d4 Nf6 2. c4 g6 3. Nc3 d5 4. cxd5 Nxd5 5. g3 Bg7 6. Bg2 Nxc3 7. bxc3 c5 8.
Nf3 Be6 9. O-O Bd5 10. Qd3 cxd4 11. cxd4 f5 12. Ba3 O-O 13. Rab1 Bf6 14. Rfd1
Kg7 15. Qe3 Nd7 16. Ng5 Bxg5 17. Qxg5 Bxg2 18. Bxe7 h6 19. Qe3 Re8 20. Bxd8 Rxe3
21. fxe3 Be4 22. Bc7 Bxb1 23. Rxb1 b6 24. Rc1 Kf7 25. Bd6 Ke6 26. Ba3 a5 27. Rc7
Rd8 28. Rc6+ Kf7 29. Rd6 b5 30. Ra6 a4 31. Ra7 Ke6 32. Bb4 Nf6 33. Re7+ Kd5 34.
Re5+ Kc4 35. Be7 Nd7 36. Bxd8 Nxe5 37. dxe5 Kd5 38. Be7 Kxe5 39. Kf2 g5 40. Bf8
h5 41. Be7 g4 42. Ke1 Ke6 43. Bb4 Kd5 44. Kd2 Ke4 45. a3 Kd5 46. Kd3 Ke5 47.
Bc3+ Kd5 48. Bd4 1-0

[Event "ch-CHN w 2015"]
[Site "Xinghua CHN"]
[Date "2015.05.25"]
[Round "7.2"]
[White "Li, Xueyi"]
[Black "Zhang, Xiaowen"]
[Result "0-1"]
[BlackTitle "WGM"]
[WhiteElo "2226"]
[BlackElo "2353"]
[WhiteFideId "8605912"]
[BlackFideId "8603219"]
[EventDate "2015.05.18"]

1. d4 Nf6 2. c4 e6 3. Nc3 d5 4. cxd5 exd5 5. Bg5 c6 6. e3 Bf5 7. Bd3 Bxd3 8.
Qxd3 Nbd7 9. Nf3 Be7 10. O-O O-O 11. Ne5 Nxe5 12. dxe5 Nd7 13. Bf4 Bb4 14. e4
Nc5 15. Qd4 a5 16. exd5 Ne6 17. Qe4 Nxf4 18. Qxf4 Bxc3 19. bxc3 Qxd5 20. Rfd1
Qc5 21. Rd3 Rad8 22. Rg3 Rfe8 23. Qf6 g6 24. Re3 Qd5 25. Rf1 Qxa2 26. Qh4 Qe6
27. f4 f5 28. Qf2 b5 29. h4 Kh8 30. Rh3 Rd7 31. h5 a4 32. Qb2 Red8 33. Rf2 Rd1+
34. Kh2 g5 35. Qb4 g4 36. Rh4 Qg8 0-1

[Event "ch-CHN w 2015"]
[Site "Xinghua CHN"]
[Date "2015.05.25"]
[Round "7.3"]
[White "Ding, Yixin"]
[Black "Tan, Zhongyi"]
[Result "0-1"]
[WhiteTitle "WGM"]
[BlackTitle "WGM"]
[WhiteElo "2433"]
[BlackElo "2475"]
[WhiteFideId "8602972"]
[BlackFideId "8603642"]
[EventDate "2015.05.18"]

1. e4 e5 2. Bc4 Nf6 3. Nc3 Nxe4 4. Qh5 Nd6 5. Bb3 Be7 6. Qxe5 O-O 7. d4 Nc6 8.
Qf4 Na5 9. Nf3 Nxb3 10. axb3 b6 11. O-O Bb7 12. d5 Bf6 13. Bd2 Re8 14. Rfe1
Rxe1+ 15. Rxe1 Qf8 16. Ne5 Bxe5 17. Rxe5 Re8 18. Rg5 f6 19. Rg3 Re5 20. Qa4 Qe8
21. h3 Bxd5 22. Qxa7 Bb7 23. Qa4 h5 24. Qf4 Nf5 25. Rd3 d5 26. Qa4 Bc6 27. Qa7
d4 28. Qxc7 dxc3 29. Rxc3 Rc5 30. Qxb6 Rxc3 31. bxc3 Nh4 32. Qd4 Nxg2 33. b4 Ne1
34. Qf4 Nf3+ 35. Kf1 Qd8 36. Ke2 Nxd2 37. Qxd2 Bb5+ 38. Kd1 Qxd2+ 39. Kxd2 g5
40. f3 f5 41. Ke3 h4 42. Kd4 g4 43. fxg4 fxg4 44. hxg4 h3 45. c4 Bd7 0-1

[Event "ch-CHN w 2015"]
[Site "Xinghua CHN"]
[Date "2015.05.25"]
[Round "7.5"]
[White "Xiao, Yiyi"]
[Black "Zhu, Ying"]
[Result "1-0"]
[WhiteTitle "WFM"]
[WhiteElo "2253"]
[BlackElo "2128"]
[WhiteFideId "8606161"]
[BlackFideId "8604770"]
[EventDate "2015.05.18"]

1. d4 d5 2. c4 c6 3. cxd5 cxd5 4. Nc3 Nc6 5. Bf4 Nf6 6. e3 Bf5 7. Qb3 Na5 8.
Qa4+ Bd7 9. Qc2 Rc8 10. Bd3 e6 11. Nf3 Bb4 12. O-O O-O 13. Ne5 h6 14. Rac1 Nh5
15. Qe2 Nxf4 16. exf4 Nc6 17. Bb1 Be8 18. Rfd1 Qh4 19. g3 Qd8 20. a3 Bxc3 21.
Rxc3 Nxe5 22. Qc2 Ng6 23. Rxc8 Qb6 24. f5 exf5 25. Qxf5 Bc6 26. Rd2 a5 27. Rxf8+
Nxf8 28. h4 Qb5 29. Qd3 Qb6 30. Qe3 Qc7 31. Re2 Qd7 32. Qe5 Qd8 33. Qf5 Qc7 34.
Bd3 Bd7 35. Qe5 Qc1+ 36. Kg2 Qc8 37. Rc2 Bc6 38. b4 axb4 39. axb4 Qd7 40. b5
Bxb5 41. Bxb5 Qxb5 42. Qe7 Qd3 43. Rc8 Qe4+ 44. Qxe4 dxe4 45. d5 f5 46. Rc7 b5
47. d6 Ne6 48. Re7 1-0

[Event "ch-CHN w 2015"]
[Site "Xinghua CHN"]
[Date "2015.05.25"]
[Round "7.6"]
[White "Wang, Jue"]
[Black "Zhai, Mo"]
[Result "1-0"]
[WhiteTitle "WGM"]
[BlackTitle "WIM"]
[WhiteElo "2369"]
[BlackElo "2330"]
[WhiteFideId "8604070"]
[BlackFideId "8600201"]
[EventDate "2015.05.18"]

1. e4 c5 2. Nf3 d6 3. d4 cxd4 4. Nxd4 Nf6 5. Nc3 a6 6. h3 e5 7. Nde2 h5 8. g3
Be6 9. Bg2 Nbd7 10. a4 Rc8 11. Be3 Be7 12. a5 O-O 13. O-O Nc5 14. Qd2 Bd7 15.
Rfd1 Bc6 16. f3 Qd7 17. g4 Ne6 18. Nd5 Bxd5 19. exd5 Nf4 20. Nxf4 exf4 21. Bxf4
Qb5 22. g5 Nd7 23. c3 Rfe8 24. Bf1 Qc5+ 25. Qf2 Qc7 26. h4 Rb8 27. Re1 Ne5 28.
Re4 Bf8 29. Kg2 Ng6 30. Bg3 Rxe4 31. fxe4 Re8 32. Ra4 Qd7 33. Rb4 Qg4 34. Be2
Nf4+ 35. Qxf4 Qxe2+ 36. Qf2 Qg4 37. Qf3 Qd7 38. Qxh5 Qc7 39. Qf3 Qxa5 40. Rxb7
Re7 41. Rxe7 Bxe7 42. Qe2 Qa1 43. Bf4 Bd8 44. Be3 Qb1 45. Bd4 Qc1 46. Kg3 Qb1
47. b4 a5 48. bxa5 Bxa5 49. h5 Qc1 50. g6 Bxc3 51. gxf7+ Kf8 52. Bxc3 Qxc3+ 53.
Qf3 Qc1 54. Kg2 Qc2+ 55. Kh3 Qc8+ 56. Kg3 Qc1 57. Kg2 Qc2+ 58. Kh3 Qc8+ 59. Kh4
Qd8+ 60. Kg4 Qc8+ 61. Kg5 Qc1+ 62. Qf4 Qg1+ 63. Kf5 Kxf7 64. Qxd6 Qf2+ 65. Qf4
Qd4 66. Kg5+ Kg8 67. d6 Qg1+ 68. Kf5 Kf7 69. Ke5+ Kg8 70. Ke6 Qb6 71. Qe5 Qf2
72. d7 Qf8 73. Qf5 Qb8 74. Qf7+ Kh7 75. Qg6+ 1-0

[Event "ch-CHN w 2015"]
[Site "Xinghua CHN"]
[Date "2015.05.26"]
[Round "8.1"]
[White "Ni, Shiqun"]
[Black "Zhai, Mo"]
[Result "1/2-1/2"]
[WhiteTitle "WIM"]
[BlackTitle "WIM"]
[WhiteElo "2393"]
[BlackElo "2330"]
[WhiteFideId "8608466"]
[BlackFideId "8600201"]
[EventDate "2015.05.18"]

1. e4 c5 2. Nf3 d6 3. Bb5+ Nc6 4. O-O Bd7 5. Re1 Nf6 6. c3 a6 7. Bf1 Bg4 8. h3
Bxf3 9. Qxf3 g6 10. d3 Bg7 11. Be3 O-O 12. a4 Nd7 13. Qd1 b5 14. d4 b4 15. d5
Na5 16. Qc2 Qb8 17. Nd2 Rc8 18. Rab1 c4 19. Rec1 Qb7 20. cxb4 Qxb4 21. Bxc4 Rab8
22. b3 Ne5 23. Qd1 Naxc4 24. Nxc4 Nxc4 25. bxc4 Bb2 26. Bd4 Qa3 27. Bxb2 Rxb2
28. Rxb2 Qxb2 29. Qc2 Qd4 30. Qb1 Rxc4 31. Rxc4 Qxc4 32. a5 h5 33. Kh1 h4 34. f3
Qc3 35. Qb6 Qe1+ 36. Kh2 Qg3+ 37. Kh1 Qe1+ 38. Kh2 Qg3+ 39. Kh1 1/2-1/2

[Event "ch-CHN w 2015"]
[Site "Xinghua CHN"]
[Date "2015.05.26"]
[Round "8.2"]
[White "Zhu, Ying"]
[Black "Wang, Jue"]
[Result "1/2-1/2"]
[BlackTitle "WGM"]
[WhiteElo "2128"]
[BlackElo "2369"]
[WhiteFideId "8604770"]
[BlackFideId "8604070"]
[EventDate "2015.05.18"]

1. e4 c5 2. Nc3 e6 3. g3 Nc6 4. Bg2 g6 5. d3 Bg7 6. Be3 d6 7. Nge2 Nd4 8. O-O
Ne7 9. f4 Rb8 10. a4 a6 11. g4 f5 12. Ng3 O-O 13. g5 b5 14. axb5 axb5 15. Nge2
Bb7 16. Ng3 Bc8 17. Nge2 Bb7 18. Kh1 Qd7 19. Bxd4 cxd4 20. Na2 Ra8 21. c3 Ra4
22. Nb4 dxc3 23. bxc3 Rfa8 24. Rb1 Rc8 25. Qd2 Ra3 26. Rfc1 fxe4 27. dxe4 Rc4
28. Qd3 d5 29. Nc2 Ra2 30. Ne3 Rc5 31. Ng4 Qd8 32. Nf6+ Kh8 33. Nd4 Bc8 34. Qh3
h5 35. Nxe6 Qd6 36. f5 Bxe6 37. fxe6 Qf4 38. Nxh5 gxh5 39. Qxh5+ Kg8 40. Rf1 Qd2
41. Qf7+ Kh7 42. Qh5+ Kg8 43. Rg1 dxe4 44. Rbd1 Qf4 45. Rgf1 Rf2 46. Rxf2 Qxf2
47. Bxe4 Rf5 48. Bxf5 Qxf5 49. Rd8+ Bf8 50. Qf7+ Qxf7 51. exf7+ Kxf7 52. Rb8 Nd5
53. Rxb5 Nxc3 54. Rf5+ Kg7 55. h4 Ne4 56. Kg2 Nd6 57. Rf1 Nf7 58. Kh3 Ne5 59.
Rf6 Bc5 60. h5 Bd4 61. Rd6 Be3 62. Re6 Bf4 63. Re7+ Kf8 64. Re6 Nf7 65. Ra6 Bxg5
66. Kg4 Kg7 67. Kf5 Be3 68. Rg6+ Kh7 69. Rc6 Nh8 70. Re6 Bd2 71. Rd6 Be3 72. Re6
Bd2 1/2-1/2

[Event "ch-CHN w 2015"]
[Site "Xinghua CHN"]
[Date "2015.05.26"]
[Round "8.3"]
[White "Guo, Qi"]
[Black "Xiao, Yiyi"]
[Result "1-0"]
[WhiteTitle "IM"]
[BlackTitle "WFM"]
[WhiteElo "2424"]
[BlackElo "2253"]
[WhiteFideId "8604002"]
[BlackFideId "8606161"]
[EventDate "2015.05.18"]

1. d4 Nf6 2. Nf3 g6 3. c4 Bg7 4. Nc3 d6 5. e4 O-O 6. Be2 c5 7. d5 e6 8. O-O Re8
9. dxe6 Bxe6 10. Bf4 Qb6 11. Qb3 Qc6 12. Rfe1 Nxe4 13. Nxe4 Qxe4 14. Bxd6 Nd7
15. Bg3 Nb6 16. Bd3 Qg4 17. h3 Qh5 18. a4 Bxh3 19. a5 Nd7 20. Be4 Bg4 21. a6
Rxe4 22. Rxe4 bxa6 23. Rae1 Nf6 24. Re5 Qh6 25. Rxc5 Rd8 26. Rd1 Rf8 27. Qd3 Nh5
28. Be5 f6 29. Bd6 Rd8 30. Rd5 Be6 31. Rd4 g5 32. Be7 Rxd4 33. Nxd4 Nf4 34. Qe4
Qh5 35. Re1 Bxc4 36. Qa8+ Kf7 37. Bd6 Kg6 38. Qe4+ 1-0

[Event "ch-CHN w 2015"]
[Site "Xinghua CHN"]
[Date "2015.05.26"]
[Round "8.5"]
[White "Zhang, Xiaowen"]
[Black "Ding, Yixin"]
[Result "1/2-1/2"]
[WhiteTitle "WGM"]
[BlackTitle "WGM"]
[WhiteElo "2353"]
[BlackElo "2433"]
[WhiteFideId "8603219"]
[BlackFideId "8602972"]
[EventDate "2015.05.18"]

1. e4 g6 2. d4 Bg7 3. Nc3 d6 4. Be3 a6 5. a4 Nf6 6. h3 O-O 7. Nf3 Nc6 8. Be2 e5
9. d5 Ne7 10. a5 c6 11. dxc6 bxc6 12. O-O Bb7 13. Qd3 Qb8 14. Nd2 c5 15. Nc4 d5
16. exd5 Nexd5 17. Nxd5 Nxd5 18. Nb6 Nxb6 19. axb6 e4 20. Qb3 Qe5 21. c3 Rfd8
22. Bc4 Qf5 23. Ra5 Bf8 24. Qa3 Qf6 25. Qb3 Qf5 26. Rfa1 Bd6 27. Bxa6 Rxa6 28.
Rxa6 Qe5 29. g3 Bxa6 30. Rxa6 Qf5 31. Ra7 Bb8 32. Rb7 Qf3 33. Rxb8 Rxb8 34. b7
Kg7 35. Qb6 Qd1+ 36. Kh2 Qd5 37. Bxc5 Rxb7 38. Bd4+ Kf8 39. Qf6 Ke8 40. b4 Kd7 1/2-1/2

[Event "ch-CHN w 2015"]
[Site "Xinghua CHN"]
[Date "2015.05.26"]
[Round "8.6"]
[White "Lei, Tingjie"]
[Black "Li, Xueyi"]
[Result "1-0"]
[WhiteTitle "WGM"]
[WhiteElo "2449"]
[BlackElo "2226"]
[WhiteFideId "8605114"]
[BlackFideId "8605912"]
[EventDate "2015.05.18"]

1. c4 e5 2. g3 Nf6 3. Bg2 d5 4. cxd5 Nxd5 5. Nc3 Nb6 6. e3 Be7 7. Nge2 O-O 8.
O-O Na6 9. f4 exf4 10. Nxf4 c6 11. b3 Nc7 12. Bb2 Ne6 13. Nh5 g6 14. Nf4 Bf6 15.
Qc2 Nxf4 16. Rxf4 Be5 17. Rff1 Be6 18. Rad1 Bf5 19. Rxf5 gxf5 20. Rf1 Bg7 21.
Rxf5 Nd7 22. Rh5 h6 23. Ne4 f6 24. Ba3 Ne5 25. Bxf8 Qxf8 26. Rf5 Qe7 27. Qd1 Rf8
28. h3 Nf7 29. Kh2 Nd6 30. Nxd6 Qxd6 31. d4 Re8 32. Qf3 Qa3 33. Qf2 Qe7 34. e4
Qd6 35. h4 b6 36. Rf4 Rd8 37. d5 cxd5 38. exd5 Qc5 39. Qe2 b5 40. Qe6+ Kh8 41.
Rxf6 Qc2 42. Rxh6+ 1-0

[Event "ch-CHN w 2015"]
[Site "Xinghua CHN"]
[Date "2015.05.27"]
[Round "9.1"]
[White "Li, Xueyi"]
[Black "Ni, Shiqun"]
[Result "0-1"]
[BlackTitle "WIM"]
[WhiteElo "2226"]
[BlackElo "2393"]
[WhiteFideId "8605912"]
[BlackFideId "8608466"]
[EventDate "2015.05.18"]

1. d4 Nf6 2. c4 g6 3. Nc3 d5 4. Qb3 dxc4 5. Qxc4 Bg7 6. e4 a6 7. Nf3 O-O 8. Qb3
b5 9. e5 Nfd7 10. Be2 c5 11. e6 cxd4 12. exf7+ Kh8 13. Ne4 Bb7 14. Qd3 Rxf7 15.
Nfg5 Rf5 16. g4 Rxg5 17. Nxg5 Qg8 18. Rg1 Nc6 19. Bd2 Nce5 20. Qg3 h6 21. Nh3 d3
22. Bd1 Nc4 23. Nf4 Bxb2 24. Rb1 Bf6 25. Qh3 Nxd2 26. Qxh6+ Qh7 27. Nxg6+ Kg8
28. Qxd2 Qxg6 29. g5 Bd4 30. Bb3+ Kg7 31. Rg4 Ne5 32. Qb4 d2+ 33. Kxd2 Qd3+ 0-1

[Event "ch-CHN w 2015"]
[Site "Xinghua CHN"]
[Date "2015.05.27"]
[Round "9.2"]
[White "Ding, Yixin"]
[Black "Lei, Tingjie"]
[Result "1/2-1/2"]
[WhiteTitle "WGM"]
[BlackTitle "WGM"]
[WhiteElo "2433"]
[BlackElo "2449"]
[WhiteFideId "8602972"]
[BlackFideId "8605114"]
[EventDate "2015.05.18"]

1. e4 c5 2. Nf3 e6 3. d4 cxd4 4. Nxd4 Nc6 5. Nc3 Qc7 6. Be2 a6 7. O-O b5 8. Nxc6
dxc6 9. f4 Bb7 10. Bf3 e5 11. fxe5 Qxe5 12. Bg4 Rd8 13. Qe2 Bd6 14. Bf4 Qc5+ 15.
Be3 Qe5 16. Bf4 Qc5+ 17. Be3 Qe5 18. Bf4 Qc5+ 19. Be3 Qe5 20. Bf4 Qc5+ 21. Be3
Qe5 22. Bf4 Qc5+ 23. Be3 Qe5 24. Bf4 Qc5+ 25. Be3 Qe5 26. Bf4 Qc5+ 27. Be3 Qe5
28. Bf4 Qc5+ 29. Be3 1/2-1/2

[Event "ch-CHN w 2015"]
[Site "Xinghua CHN"]
[Date "2015.05.27"]
[Round "9.4"]
[White "Xiao, Yiyi"]
[Black "Tan, Zhongyi"]
[Result "0-1"]
[WhiteTitle "WFM"]
[BlackTitle "WGM"]
[WhiteElo "2253"]
[BlackElo "2475"]
[WhiteFideId "8606161"]
[BlackFideId "8603642"]
[EventDate "2015.05.18"]

1. Nf3 Nf6 2. g3 d5 3. c4 d4 4. d3 c5 5. Bg2 Nc6 6. O-O e6 7. a3 a5 8. b3 Bd6 9.
e4 O-O 10. Qe2 e5 11. Nh4 a4 12. bxa4 Re8 13. h3 Rxa4 14. Nd2 Bd7 15. Rb1 b6 16.
Nf5 Bf8 17. g4 g6 18. Ng3 Bh6 19. Nb3 Bxc1 20. Nxc1 Be6 21. Qb2 Qa8 22. Nce2
Rxa3 23. f4 Ra2 24. Qb5 Nb4 25. f5 Ra5 26. Qxb6 Nd7 27. Qc7 Ra7 28. fxe6 Rxc7
29. exf7+ Kf8 30. fxe8=Q+ Kxe8 31. Rf3 Ra7 32. Rbf1 Ra1 33. Nc1 Nc2 34. Nge2 Ne3 0-1

[Event "ch-CHN w 2015"]
[Site "Xinghua CHN"]
[Date "2015.05.27"]
[Round "9.5"]
[White "Wang, Jue"]
[Black "Guo, Qi"]
[Result "0-1"]
[WhiteTitle "WGM"]
[BlackTitle "IM"]
[WhiteElo "2369"]
[BlackElo "2424"]
[WhiteFideId "8604070"]
[BlackFideId "8604002"]
[EventDate "2015.05.18"]

1. e4 c6 2. d4 d5 3. e5 Bf5 4. Nf3 e6 5. Be2 Nd7 6. O-O Ne7 7. Nbd2 c5 8. c4 a6
9. cxd5 Nxd5 10. Nc4 Be7 11. Nd6+ Bxd6 12. exd6 O-O 13. Ne5 cxd4 14. Qxd4 Qb6
15. Qxb6 N7xb6 16. g4 Bg6 17. Be3 Rfd8 18. Bc5 Nc8 19. d7 Ncb6 20. Bxb6 Nxb6 21.
Rfd1 f6 22. Nxg6 hxg6 23. Rd6 Nd5 24. Bf3 Kf7 25. Re1 Nf4 26. a4 a5 27. Rd4 g5
28. Rc1 Rab8 29. h4 e5 30. Rd2 gxh4 31. Rc7 Ke7 32. Rxb7 Rxb7 33. Bxb7 Rxd7 34.
Rxd7+ Kxd7 35. Be4 Kd6 36. b3 Kc5 37. Bh7 Kb4 38. Bg8 Ne2+ 39. Kh2 Nd4 40. Kh3
g5 0-1